Vichitra natak (Record no. 182416)

MARC details
000 -LEADER
fixed length control field 00346nam a2200145Ia 4500
008 - FIXED-LENGTH DATA ELEMENTS--GENERAL INFORMATION
fixed length control field 230917s9999||||xx |||||||||||||| ||und||
040 ## - CATALOGING SOURCE
-- 153167
Original cataloging agency VIVEKANANDA LIBRARY
041 ## - Language
-- English
082 ## - DDC NUMBER
Classification number 294.6 G747V
100 ## - MAIN ENTRY--PERSONAL NAME
Personal name Guru Govind Singh
245 #0 - TITLE STATEMENT
Title Vichitra natak
260 ## - PUBLICATION, DISTRIBUTION, ETC. (IMPRINT)
Place of publication, distribution, etc Delhi
Name of publisher, distributor, etc Sanmarg Prakashan
Date of publication, distribution, etc 1977
300 ## - PHYSICAL DESCRIPTION
Pages 138p p.
942 ## - ADDED ENTRY ELEMENTS (KOHA)
Koha item type Books
Holdings
Withdrawn status Lost status Damaged status Not for loan Location (home branch) Sublocation or collection (holding branch) Date acquired Koha issues (times borrowed) Koha full call number Accession No. Koha date last seen Koha item type
        VIVEKANANDA LIBRARY VIVEKANANDA LIBRARY 10/04/2010   294.6 G747V 37201 17/09/2023 Books
© Designed and Maintained by Vivekananda Library, MDU Rohtak